000
00299nam a2200133Ia 4500
008
231217s9999 xx 000 0 und d
041
_a
English
100
_a
Stevens, Roger T
245
0
_a
Fractal programming in C
260
_c
1989
_b
M & T Books
300
_a
582
650
_a
C
942
_c
AA
999
_c
162620
_d
162620